<?xml version="1.0" encoding="UTF-8"?>
<record
    xmlns:xsi="http://www.w3.org/2001/XMLSchema-instance"
    xsi:schemaLocation="http://www.loc.gov/MARC21/slim http://www.loc.gov/standards/marcxml/schema/MARC21slim.xsd"
    xmlns="http://www.loc.gov/MARC21/slim">

  <leader>01683cas a2200337 a 4500</leader>
  <controlfield tag="008">751101d19521965gw bx p       0   b0ger  </controlfield>
  <datafield tag="010" ind1=" " ind2=" ">
    <subfield code="a">sf 83008010</subfield>
  </datafield>
  <datafield tag="022" ind1=" " ind2=" ">
    <subfield code="a">0138-1504</subfield>
  </datafield>
  <datafield tag="040" ind1=" " ind2=" ">
    <subfield code="a">DLC</subfield>
    <subfield code="c">MnMULS</subfield>
    <subfield code="d">CtY</subfield>
    <subfield code="d">N</subfield>
    <subfield code="d">DLC</subfield>
    <subfield code="d">OCoLC</subfield>
    <subfield code="d">NST</subfield>
    <subfield code="d">NSDP</subfield>
    <subfield code="d">NST</subfield>
    <subfield code="d">InU</subfield>
    <subfield code="d">OCoLC</subfield>
  </datafield>
  <datafield tag="050" ind1="0" ind2="0">
    <subfield code="a">Q49</subfield>
    <subfield code="b">.H35</subfield>
  </datafield>
  <datafield tag="092" ind1="0" ind2="4">
    <subfield code="a">505</subfield>
    <subfield code="b">W816</subfield>
    <subfield code="2">21</subfield>
  </datafield>
  <datafield tag="099" ind1=" " ind2=" ">
    <subfield code="a">04</subfield>
    <subfield code="a">505 W816</subfield>
  </datafield>
  <datafield tag="210" ind1="0" ind2=" ">
    <subfield code="a">Wiss. Z. - Martin-Luther-Univ. Halle-Wittenb., Math.-nat.wiss. Reihe</subfield>
  </datafield>
  <datafield tag="222" ind1=" " ind2="0">
    <subfield code="a">Wissenschaftliche Zeitschrift - Martin-Luther-Univ. Halle-Wittenberg. Mathematisch-naturwissenschaftliche Reihe</subfield>
  </datafield>
  <datafield tag="245" ind1="0" ind2="0">
    <subfield code="a">Wissenschaftliche Zeitschrift der Martin-Luther-Universit&#xE8;at Halle-Wittenberg.</subfield>
    <subfield code="p">Mathematisch-naturwissenschaftliche Reihe.</subfield>
  </datafield>
  <datafield tag="260" ind1=" " ind2=" ">
    <subfield code="a">Halle-Wittenberg :</subfield>
    <subfield code="b">Martin-Luther-Universit&#xE8;at,</subfield>
    <subfield code="c">[1952&#xE0;]-1965.</subfield>
  </datafield>
  <datafield tag="300" ind1=" " ind2=" ">
    <subfield code="a">v. :</subfield>
    <subfield code="b">ill., maps (some col.) ;</subfield>
    <subfield code="c">30 cm.</subfield>
  </datafield>
  <datafield tag="310" ind1=" " ind2=" ">
    <subfield code="a">Six no. a year</subfield>
  </datafield>
  <datafield tag="362" ind1="0" ind2=" ">
    <subfield code="a">Jahrg. 1, Heft 1/2 (1951/52)-Jahrg. 14, Heft 7.</subfield>
  </datafield>
  <datafield tag="500" ind1=" " ind2=" ">
    <subfield code="a">Title from cover.</subfield>
  </datafield>
  <datafield tag="515" ind1=" " ind2=" ">
    <subfield code="a">Vols. 1-2 numbered also in sequence with Wissenschaftliche Zeitschrift; gesellschafts- und sprachwissenschaftliche Reihe; i.e. v. 1, no. 1/2 is v. 1, no. 1/2 of the combined numbering, v. 2, no. 1-3 [etc.] are v. 2, no. 1, 4-5 [etc.] of the combined numbering.</subfield>
  </datafield>
  <datafield tag="650" ind1=" " ind2="0">
    <subfield code="a">Science</subfield>
    <subfield code="v">Periodicals.</subfield>
  </datafield>
  <datafield tag="710" ind1="2" ind2=" ">
    <subfield code="a">Martin-Luther-Universit&#xE8;at Halle-Wittenberg.</subfield>
  </datafield>
  <datafield tag="785" ind1="0" ind2="0">
    <subfield code="t">Wissenschaftliche Zeitschrift (Martin-Luther-Universit&#xE8;at Halle-Wittenberg). Mathematisch-naturwissenschaftliche Reihe</subfield>
    <subfield code="x">0138-1504</subfield>
    <subfield code="w">(DLC)   57035321</subfield>
    <subfield code="w">(OCoLC)8632732</subfield>
  </datafield>
  <datafield tag="905" ind1=" " ind2=" ">
    <subfield code="a">Jamal</subfield>
    <subfield code="e">cat.</subfield>
  </datafield>
  <datafield tag="905" ind1=" " ind2=" ">
    <subfield code="e">Rev.</subfield>
  </datafield>
  <datafield tag="942" ind1=" " ind2=" ">
    <subfield code="2">ddc</subfield>
    <subfield code="c">CR</subfield>
    <subfield code="n">0</subfield>
  </datafield>
  <datafield tag="999" ind1=" " ind2=" ">
    <subfield code="c">139618</subfield>
    <subfield code="d">139618</subfield>
  </datafield>
  <datafield tag="336" ind1=" " ind2=" ">
    <subfield code="a">text</subfield>
    <subfield code="2">rda content</subfield>
  </datafield>
  <datafield tag="337" ind1=" " ind2=" ">
    <subfield code="a">Unmediated</subfield>
    <subfield code="2">rdamedia</subfield>
  </datafield>
  <datafield tag="338" ind1=" " ind2=" ">
    <subfield code="a">volume</subfield>
    <subfield code="2">rdacarrier</subfield>
  </datafield>
  <datafield tag="952" ind1=" " ind2=" ">
    <subfield code="2">ddc</subfield>
    <subfield code="7">0</subfield>
    <subfield code="a">CUCL</subfield>
    <subfield code="b">clx1</subfield>
    <subfield code="d">2024-02-11</subfield>
    <subfield code="o">505 W816</subfield>
    <subfield code="r">2023-09-23 00:00:00</subfield>
    <subfield code="y">CR</subfield>
  </datafield>
</record>
